500 biggest cities in the world - Statistics

General Stats
  • This quiz has been taken 97 times
    72 since last reset
  • The average score is 253 of 500
Answer Stats
Population City % Correct
33.95 million Shanghai
96%
41.17 million Tokyo
96%
14.92 million London
93%
17.81 million Los Angeles
93%
17.29 million Moscow
93%
12.00 million Paris
93%
3.45 million Athens
91%
19.03 million Beijing
91%
4.37 million Berlin
91%
46.96 million Guangzhou
91%
3.55 million Rome
91%
18.42 million Bangkok
89%
4.42 million Barcelona
89%
30.51 million Delhi
89%
6.43 million Madrid
89%
26.00 million Mumbai
89%
22.51 million New York City
89%
2.55 million Budapest
87%
21.80 million Cairo
87%
4.20 million Cape Town
87%
15.67 million Istanbul
87%
8.29 million Kuala Lumpur
87%
9.92 million Lima
87%
1.94 million Lyon
87%
23.18 million Mexico City
87%
17.47 million Osaka
87%
12.95 million Rio De Janeiro
87%
25.92 million Seoul
87%
15.47 million Tehran
87%
2.20 million Vienna
87%
2.45 million Amsterdam
84%
5.10 million Ankara
84%
1.90 million Austin
84%
6.93 million Baghdad
84%
3.10 million Birmingham
84%
2.12 million Bucharest
84%
1.30 million Helsinki
84%
13.00 million Johannesburg
84%
3.50 million Kiev
84%
12.81 million Lahore
84%
1.20 million | 5.00 million Melbourne
84%
6.14 million Milan
84%
6.00 million Nairobi
84%
7.23 million Philadelphia
84%
1.40 million Prague
84%
23.06 million São Paulo
84%
5.22 million Sydney
84%
8.21 million Washington D.C.
84%
5.90 million Atlanta
82%
7.84 million Boston
82%
7.00 million Dallas
82%
5.42 million Dubai
82%
3.86 million Hanoi
82%
8.26 million Ho Chi Minh City
82%
6.50 million Houston
82%
31.62 million Jakarta
82%
17.93 million Karachi
82%
17.02 million Kolkata
82%
3.00 million Manchester
82%
26.53 million Manila
82%
2.21 million Munich
82%
5.75 million Saint Petersburg
82%
2.80 million Sana’a
82%
7.92 million San Francisco
82%
7.06 million Santiago
82%
4.29 million Seattle
82%
2.55 million Tunis
82%
9.71 million Wuhan
82%
5.90 million Alexandria
80%
9.90 million Bogota
80%
4.30 million Casablanca
80%
1.50 million Copenhagen
80%
21.02 million Dhaka
80%
1.39 million Dublin
80%
2.87 million Hamburg
80%
2.20 million Havana
80%
6.29 million Khartoum
80%
2.25 million Las Vegas
80%
6.16 million Miami
80%
2.00 million Minsk
80%
4.14 million Naples
80%
1.19 million Oslo
80%
1.40 million Panama City
80%
2.60 million Quito
80%
8.00 million Riyadh
80%
3.40 million San Diego
80%
1.30 million Sofia
80%
2.12 million Stockholm
80%
7.59 million Toronto
80%
2.30 million Warsaw
80%
5.20 million Accra
78%
3.90 million Addis Ababa
78%
3.95 million Algiers
78%
12.05 million Bangalore
78%
1.60 million Beirut
78%
1.40 million Belgrade
78%
4.04 million Brasília
78%
2.58 million Brussels
78%
4.12 million Busan
78%
9.90 million Chicago
78%
3.90 million Damascus
78%
2.39 million Lisbon
78%
1.80 million Liverpool
78%
1.50 million Marseille
78%
2.30 million San Jose
78%
2.85 million Vancouver
78%
6.59 million Xi’an
78%
2.30 million Asunción
76%
2.50 million Baku
76%
15.92 million Buenos Aires
76%
3.68 million Caracas
76%
11.25 million Chennai
76%
5.82 million Detroit
76%
10.52 million | 2.25 million Hyderabad
76%
12.90 million Kinshasa
76%
18.92 million Lagos
76%
11.83 million Nagoya
76%
1.40 million Nashville
76%
1.24 million Ottawa
76%
2.05 million Perth
76%
2.00 million Phnom Penh
76%
2.01 million Rabat
76%
3.27 million Rotterdam
76%
7.96 million Singapore
76%
9.80 million Taipei
76%
2.55 million Tel-Aviv-Jaffa
76%
1.24 million Tripoli
76%
1.40 million Yerevan
76%
1.40 million Abu Dhabi
73%
8.16 million Ahmedabad
73%
1.90 million Aleppo
73%
5.50 million Amman
73%
5.07 million Cologne / Düsseldorf
73%
1.50 million Glasgow
73%
7.72 million Hong Kong
73%
4.28 million Kabul
73%
8.09 million Luanda
73%
4.04 million Medellin
73%
1.80 million Montevideo
73%
4.19 million Montreal
73%
2.38 million Portland
73%
1.40 million Porto
73%
2.95 million Pyongyang
73%
3.60 million Dakar
71%
3.60 million Denver
71%
3.27 million Frankfurt
71%
5.40 million Guadalajara
71%
3.02 million Kathmandu
71%
2.56 million Lusaka
71%
6.45 million Nanjing
71%
3.46 million Orlando
71%
4.36 million Phoenix
71%
2.14 million San Antonio
71%
1.37 million Tbilisi
71%
12.36 million Tianjin
71%
1.78 million | 2.00 million Valencia
71%
4.55 million Chittagong
69%
3.07 million Guatemala City
69%
3.00 million iZmir
69%
2.01 million Kansas City
69%
4.40 million Kuwait City
69%
2.08 million Mecca
69%
2.47 million Sapporo
69%
4.28 million Tampa
69%
3.18 million Tashkent
69%
3.55 million Abuja
67%
2.45 million Charlotte
67%
9.81 million Chengdu
67%
6.30 million Dar Es Salaam
67%
3.45 million Durban
67%
5.15 million Harbin
67%
2.00 million Indianapolis
67%
2.10 million La Paz
67%
1.16 million Memphis
67%
3.15 million Minneapolis
67%
2.51 million Ouagadougou
67%
3.20 million Port-au-Prince
67%
1.50 million Turin
67%
4.10 million Urumqi
67%
9.90 million Xiamen
67%
1.24 million Auckland
64%
3.10 million Brisbane
64%
1.40 million Jacksonville
64%
4.91 million Jeddah
64%
3.50 million Kampala
64%
2.10 million Leeds
64%
1.90 million Mogadishu
64%
1.40 million Muscat
64%
6.52 million Pune
64%
3.97 million Santo Domingo
64%
6.10 million Surabaya
64%
1.39 million Ulan Bator
64%
3.50 million Bamako
62%
5.10 million Belo Horizonte
62%
2.23 million Brazzaville
62%
8.14 million Chongqing
62%
3.00 million Cleveland
62%
1.60 million Columbus
62%
1.85 million Hiroshima
62%
1.50 million Kharkiv
62%
5.04 million Monterrey
62%
3.90 million Recife
62%
2.30 million Saint Louis
62%
1.15 million Tegucigalpa
62%
5.50 million Yangon
62%
3.46 million Yaounde
62%
5.52 million Abidjan
60%
1.37 million Antananarivo
60%
1.22 million Antwerp
60%
4.40 million Colombo
60%
2.00 million Harare
60%
3.90 million Jaipur
60%
4.20 million Kunming
60%
1.34 million Managua
60%
2.10 million Manaus
60%
1.27 million Niamey
60%
2.00 million Pittsburgh
60%
2.34 million Salt Lake City
60%
1.40 million Zurich
60%
2.73 million Cincinnati
58%
3.60 million Faisalabad
58%
4.37 million Kano
58%
1.19 million Kigali
58%
1.52 million Nizhny Novgorod
58%
1.14 million Oklahoma City
58%
1.87 million San Salvador
58%
1.30 million Antalya
56%
1.29 million Fés
56%
4.05 million Fuzhou
56%
3.60 million Lucknow
56%
2.25 million Maputo
56%
1.43 million Monrovia
56%
1.40 million Ndjamena
56%
4.10 million Porto Alegre
56%
3.60 million Salvador
56%
2.30 million Stuttgart
56%
6.45 million Surat
56%
6.91 million Bandung
53%
2.20 million Belem
53%
1.40 million Calgary
53%
2.90 million Cali
53%
2.60 million Cebu
53%
4.57 million Changsha
53%
1.50 million Córdoba
53%
4.30 million Dalian
53%
2.67 million Fukuoka
53%
3.57 million Ibadan
53%
3.18 million Mashhad
53%
1.40 million Medina
53%
1.40 million Newcastle
53%
1.50 million Novosibirsk
53%
3.10 million Puebla
53%
2.00 million Sacramento
53%
1.90 million San Juan
53%
1.42 million Sheffield
53%
8.00 million Shenyang
53%
1.90 million Tijuana
53%
1.50 million Yekaterinburg
53%
2.50 million Conakry
51%
3.45 million Curitiba
51%
1.37 million Edmonton
51%
3.60 million Fortaleza
51%
4.30 million Jinan
51%
2.08 million Lomé
51%
1.49 million Virginia Beach
51%
2.26 million Agra
49%
2.08 million Barranquilla
49%
1.40 million Basra
49%
2.05 million Bursa
49%
1.39 million Dnipropetrovsk
49%
1.65 million Freetown
49%
4.95 million Hefei
49%
4.00 million Medan
49%
1.22 million Mombasa
49%
3.29 million Nagpur
49%
3.49 million Nanning
49%
1.40 million Oran
49%
6.10 million Qingdao
49%
5.10 million Zhengzhou
49%
1.39 million Ashgabat
47%
1.50 million Benin City
47%
2.69 million Daegu
47%
1.40 million Donetsk
47%
3.50 million Kanpur
47%
1.26 million Kazán
47%
1.91 million Léon
47%
1.30 million Lille
47%
1.40 million Manama
47%
1.39 million Mosul
47%
2.10 million Santa Cruz
47%
4.10 million Taiyuan
47%
5.26 million Wenzhou
47%
2.10 million Almaty
44%
3.38 million Guiyang
44%
2.90 million Lanzhou
44%
2.50 million Maracaibo
44%
1.15 million Merida
44%
1.40 million Milwaukee
44%
3.30 million Ningbo
44%
1.37 million Port Elizabeth
44%
1.30 million Samara
44%
1.29 million Sevilla
44%
7.81 million Shantou
44%
5.80 million The Ruhr
44%
1.52 million Adana
42%
1.19 million Bangui
42%
3.60 million Changchun
42%
1.50 million Gaziantep
42%
2.30 million Goiânia
42%
1.38 million Nottingham
42%
1.40 million São Luis
42%
1.65 million Shiraz
42%
1.40 million Chelyabinsk
40%
1.40 million Ciudad Juarez
40%
3.18 million Indore
40%
3.00 million Kumasi
40%
2.10 million Multan
40%
1.37 million Rosario
40%
1.75 million Tabriz
40%
2.30 million Bhopal
38%
1.37 million Buffalo
38%
2.50 million Dammam
38%
1.43 million Davao
38%
1.40 million Denpasar
38%
3.45 million Douala
38%
1.40 million Natal
38%
1.19 million Nüremburg
38%
3.50 million Zibo
38%
1.90 million Gaza
36%
1.15 million Hanover
36%
2.12 million Lubumbashi
36%
1.40 million Mandalay
36%
1.42 million Mannheim
36%
2.30 million Peshawar
36%
2.30 million Port Harcourt
36%
1.40 million Allahabad
33%
2.55 million Anshan
33%
2.20 million Baotou
33%
2.90 million Bhilai
33%
2.10 million George Town
33%
1.40 million Jillin
33%
1.30 million Konya
33%
1.90 million Makassar
33%
1.27 million Nouakchott
33%
2.55 million Patna
33%
2.20 million Semarang
33%
4.30 million Shijiazhuang
33%
2.30 million Toluca
33%
1.90 million Varanasi
33%
1.15 million Aba
31%
2.70 million Gujranwala
31%
2.70 million Kaohsiung
31%
1.29 million Qom
31%
1.40 million Sendai
31%
1.16 million Southampton
31%
2.10 million Yantai
31%
2.04 million Cixi
29%
2.60 million Coimbatore
29%
1.80 million Hohhot
29%
2.80 million Huizhou
29%
1.84 million Kaduna
29%
1.40 million Maracay
29%
2.12 million Okayama
29%
3.45 million Rawalpindi
29%
1.80 million Vitoria
29%
1.90 million Yogyakarta
29%
1.26 million Bucaramanga
27%
1.40 million Cochabamba
27%
1.80 million Haikou
27%
1.52 million Hartford
27%
2.50 million Luoyang
27%
1.67 million Madurai
27%
1.14 million Quetta
27%
2.85 million Tangshan
27%
1.39 million Ahvaz
24%
1.39 million Amritsar
24%
2.31 million Chandigarh
24%
1.40 million Jodhpur
24%
1.43 million Kochi
24%
2.00 million Linyi
24%
2.05 million Mbuji-Mayi
24%
1.19 million Onitsha
24%
1.52 million Palembang
24%
1.85 million Rajkot
24%
1.52 million Santos
24%
1.49 million Surakarta
24%
2.30 million Taichung
24%
1.37 million Torreon
24%
2.12 million Vadodara
24%
1.50 million Handan
22%
2.00 million Kitakyushu
22%
2.00 million Liuzhou
22%
2.30 million Taizhou
22%
1.90 million Yangzhou
22%
1.19 million Agadir
20%
1.17 million Aguascalientes
20%
1.40 million Angeles
20%
2.08 million Baoding
20%
1.30 million Barquisimeto
20%
1.50 million Datong
20%
1.95 million Huai’an
20%
1.95 million Ludhiana
20%
1.20 million Naha
20%
1.22 million | 3.90 million Nanchong
20%
2.00 million Nantong
20%
1.38 million Putian
20%
1.20 million San Pedro Sula
20%
1.24 million Stockton
20%
1.96 million Weifang
20%
2.10 million Xinxiang
20%
1.52 million Anyang
18%
1.42 million Guilin
18%
1.37 million Harrisburg
18%
1.23 million Jining
18%
1.23 million Kananga
18%
1.16 million Kisangani
18%
1.52 million Meerut
18%
1.47 million Srinagar
18%
1.40 million Tai’an
18%
2.00 million Vijayawada
18%
1.40 million Wuhu
18%
1.40 million Xining
18%
1.40 million Yinchuan
18%
1.50 million Yiwu
18%
1.34 million Zhuzhou
18%
1.49 million Asansol
16%
1.20 million Bandar Lampung
16%
1.39 million Batam
16%
1.90 million Bhubaneswar
16%
1.38 million Dhanbad
16%
1.34 million Hamamatsu
16%
1.40 million Huaibei
16%
1.40 million Jabalpur
16%
1.50 million Jamshedpur
16%
2.43 million Jiangyin
16%
1.37 million Kota
16%
1.60 million Malang
16%
1.40 million Maoming
16%
1.23 million Mysore
16%
1.18 million Pointe-Noire
16%
1.40 million Ranchi
16%
1.22 million San Luis Potosí
16%
1.39 million Tiruppur
16%
1.38 million Yichang
16%
1.24 million Aligarh
13%
1.72 million Aurangabad
13%
1.40 million Bengbu
13%
1.37 million Chonburi
13%
1.39 million Gwalior
13%
1.20 million Jingzhou
13%
1.26 million Moradabad
13%
2.05 million Nasik
13%
1.34 million Qinhuangdao
13%
1.34 million Bareilly
11%
1.16 million Changde
11%
1.51 million Hengyang
11%
1.15 million Kumamoto
11%
1.30 million McAllen
11%
1.23 million Rizhao
11%
1.15 million Serang
11%
1.20 million Tiruchirappalli
11%
1.80 million Xiangyang
11%
1.40 million Xingtai
11%
1.40 million Zhangjiakou
11%
1.54 million Zhuhai
11%
1.24 million Zunyi
11%
1.18 million Luzhou
9%
1.18 million Ma'anshan
9%
1.20 million Maiduguri
9%
1.23 million Mianyang
9%
1.26 million Nanyang
9%
1.22 million Pekanbaru
9%
1.14 million Shizouka
9%
1.19 million Weihai
9%
1.39 million Xiangtan
9%
1.31 million Zhanjiang
9%
1.20 million Baoji
7%
1.24 million Benguela
7%
1.22 million Fuyang
7%
1.14 million Guwahati
7%
1.40 million Jiaozuo
7%
1.15 million Lianyungang
7%
1.40 million Vologograd
7%
2.83 million Xuhou
7%
1.15 million Zhenjiang
7%
1.75 million Cotonou
4%
1.40 million Qureetaro
4%
1.15 million Yueyang
4%
1.49 million Cwangju
2%
1.40 million Gangzhou
2%
1.20 million Karawang
2%
1.30 million Rostov-an-Don
2%
1.40 million Taejon
2%
1.37 million Adeliade
0%
1.14 million Hubli-Dharwar
0%
1.31 million Tianan
0%
No matching quizzes found
Score Distribution
Percent of People with Each Score
Percentile by Number Answered
Your Score History
You have not taken this quiz since the last reset